00437 2200169 4500245007800000020002400078250001100102100001500113700001300128650001000141005001900151260003900170041001400209084001000223300002500233336000900258 aTemu - Kenali Bakat Anda ! dan Optimalkan PenggunaannyacAN. UbaedyhText a978-979-1551-83-3-8 aCet. 3 aAN. Ubaedy aAS. Bani aBakat a20230222103116 aJakartabBee Media Indonesiac2013 aIndonesia a155.2 a136 hlm. :c20.5 cm. atext